Central Library OPAC University of Rajshahi

The emergence of Islam in late antiquity : (Record no. 79915)

MARC details
000 -LEADER
fixed length control field 00810nam a2200253 a 4500
001 - CONTROL NUMBER
control field 79915
003 - CONTROL NUMBER IDENTIFIER
rucl marc code BD-RjUL
005 - DATE AND TIME OF LATEST TRANSACTION
control field 20220605161214.0
008 - FIXED-LENGTH DATA ELEMENTS--GENERAL INFORMATION
fixed length control field 220605s2014 nyu b 001 0 eng
020 ## - INTERNATIONAL STANDARD BOOK NUMBER
International Standard Book Number 9781107031876 (hardback)
International Standard Book Number 1107031877 (hardback)
035 ## - SYSTEM CONTROL NUMBER
System control number (BD-RjUL)79915
040 ## - CATALOGING SOURCE
Original cataloging agency HAI
Language of cataloging eng
Description conventions rda
Transcribing agency DLC
Modifying agency YDX
-- BD-RjUL
041 ## - LANGUAGE CODE
Language code of text/sound track or separate title eng
082 ## - DEWEY DECIMAL CLASSIFICATION NUMBER
Edition number 23
Classification number 297.09021
Author mark and year ALE 2014
100 1# - MAIN ENTRY--PERSONAL NAME
Personal name Al-Azmeh, Aziz
Relator term author.
9 (RLIN) 3424
245 14 - TITLE STATEMENT
Title The emergence of Islam in late antiquity :
Remainder of title Allah and his people /
Statement of responsibility, etc. Aziz Al-Azmeh.
264 #1 - PRODUCTION, PUBLICATION, DISTRIBUTION, MANUFACTURE, AND COPYRIGHT NOTICE
Place of production, publication, distribution, manufacture New York :
Name of producer, publisher, distributor, manufacturer Cambridge University Press,
Date of production, publication, distribution, manufacture, or copyright notice 2014.
300 ## - PHYSICAL DESCRIPTION
Pagination xxi, 634 pages ;
Size 24 cm.
504 ## - BIBLIOGRAPHY, ETC. NOTE
Bibliography, etc Includes bibliographical references and index.
650 #4 - SUBJECT ADDED ENTRY--TOPICAL TERM
Topical term or geographic name as entry element Islam
General subdivision History
Chronological subdivision 1500
9 (RLIN) 3425
Topical term or geographic name as entry element Islam
General subdivision Origin
9 (RLIN) 3426
942 ## - ADDED ENTRY ELEMENTS (KOHA)
Source of classification or shelving scheme Dewey Decimal Classification
Koha item type Books
Holdings
Lost status Source of classification or shelving scheme Damaged status Not for loan Collection code Permanent Location Current Location Shelving location Date acquired Source of acquisition Cost, normal purchase price Total Checkouts Full call number Date last seen Copy number Koha item type
  Dewey Decimal Classification   Not For Loan Non-fiction Central Library, University of Rajshahi Central Library, University of Rajshahi Reading Room 31/05/2022 Dhaka : BM Book 8985.00   297.09021 ALE 2014 05/06/2022 C-1 Books
  Dewey Decimal Classification     Non-fiction Central Library, University of Rajshahi Central Library, University of Rajshahi General Stacks 31/05/2022 Dhaka : BM Book 8985.00   297.09021 ALE 2014 05/06/2022 C-2 Books